000 00630cad a22001935a 4500
001 L123843
008 031003s2003 xxk l 000 0 eng u
020 _a0110469534
035 _a(Sirsi) u123843
110 2 _aUnited Kingdom
_kLaws, etc.
_95044
245 0 4 _aThe Land Registration Rules 2003
_h[electronic resource]
260 _aLondon
_bHMSO
_c2003
490 _aSI
_v2003:1417
650 2 4 _aLAND REGISTRATION RULES 2003
651 4 _aEngland and Wales
_y1543-
690 _aEnvironment
_96238
856 _uhttps://www.legislation.gov.uk/uksi/2003/1417/contents/made
_zClick to view at www.legislation.gov.uk
942 _n0
999 _c103100
_d103100